|
|
|
|
| LEADER |
00000nas a2200000 i 4500 |
| 001 |
ssj0001072962 |
| 003 |
WaSeSS |
| 005 |
20200512172242.0 |
| 006 |
m d |
| 007 |
cr n |
| 008 |
131218c20uu9999rm a| p|s|||||| |0eng d |
| 035 |
|
|
|a (WaSeSS)ssj0001072962
|
| 040 |
|
|
|a WaSeSS
|b eng
|c WaSeSS
|d WaSeSS
|
| 050 |
1 |
4 |
|a P87
|
| 245 |
0 |
0 |
|a International journal of communication research
|h [electronic resource].
|
| 260 |
|
|
|a Iași, Romania :
|b "Apollonia" University of Iasi, The Communication Sciences Faculty
|
| 310 |
|
|
|a Annual
|
| 506 |
|
|
|a License restrictions may limit access.
|
| 588 |
|
|
|a Description based on: Volume 2 (2) (April/June 2012); title from title screen (ProQuest, viewed Dec. 18, 2013).
|
| 588 |
|
|
|a Latest issue consulted: Volume 3 (3) (July/September 2013) (viewed Dec. 18, 2013).
|
| 650 |
|
0 |
|a Communication
|v Periodicals.
|
| 650 |
|
0 |
|a Communication
|x Research
|v Periodicals.
|
| 655 |
|
0 |
|a Electronic journals.
|
| 776 |
0 |
8 |
|i Print version:
|t International journal of communication research
|x 2246-9265
|
| 856 |
4 |
0 |
|z Full text available from Research Library: 04/01/2012 to present
|u https://search.proquest.com/publication/1606361
|